Journal of international commercial law and technology

Bibliographic Details
Format: Unknown
Language:English
Published: [s.l]: International Association of IT Lawyers
Subjects:
Online Access:Acceso restringido

MARC

LEADER 00000ny a22000003n 4500
005 2011051003283.0
008 070206s19uu9999xx p s 0 0 eng d
022 |a 1901-8401 
035 |a 2478 
040 |a BUS  |d vLex 
090 |c 1576  |d 1576 
245 3 0 |a Journal of international commercial law and technology  |h [Recurso electrn̤ico] 
256 |a Servicio en ln̕ea 
260 |a [s.l]:  |b International Association of IT Lawyers 
506 1 |a Contenido solo disponible en los productos indicados  |d vLex Global  |d vLex Global (Academic Edition, excluding Law Schools)  |d vLex Global (U.S. Academic Edition, Law Schools)  |d vLex Global (U.S. Academic Edition, excluding Law Schools)  |d vLex Global (Academic Edition, Law Schools) 
650 0 4 |a Derecho mercantil  |x Publicaciones perid̤icas 
740 0 |a vLex Revista (Servicios en ln̕ea) 
843 |a Electrn̤ica. Abierta 
853 |8 1  |i (year)  |j (month)  |k (day) 
856 4 0 |u http://vlex.com/source/2478  |z Acceso restringido 
942 |c REV